A JATE-klub a Diákszigeten
Elmentve itt :
| Dokumentumtípus: | Cikk |
|---|---|
| Megjelent: |
1997-06-07
|
| Sorozat: | Délmagyarország
87 No. 131 |
| Kulcsszavak: | egyetemi klub |
| Online Access: | http://dmarchiv.bibl.u-szeged.hu/79707 |
| LEADER | 00396nab a2200145 i 4500 | ||
|---|---|---|---|
| 001 | delm79707 | ||
| 005 | 20191018093704.0 | ||
| 008 | 191018s1997 hu o 0|| hun d | ||
| 040 | |a SZTE Délmagyarország Archívum |b hun | ||
| 041 | |a hun | ||
| 245 | 0 | 2 | |a A JATE-klub a Diákszigeten |h [elektronikus dokumentum] |
| 260 | |c 1997-06-07 | ||
| 300 | |a 8 | ||
| 490 | 0 | |a Délmagyarország |v 87 No. 131 | |
| 695 | |a egyetemi klub | ||